000 00626nam a2200241 i 4500
001 C2-0298347
003 PPAK
005 20180728080432.0
008 090602s2004 cc |||| ||||| | chi d
020 _a9571341533
040 _aPPAK
_beng
_cPPAK
_erda
082 0 4 _a320.1
_223
090 0 0 _a320.1
_bLOR
_dG
100 1 _aLord, Carnes,
_eauthor
245 1 0 _aLing dao li
264 1 _aTaipei, Taiwan :
_bShi Bao Wen Hua ,
_c2004
300 _a263 pages ;
_c21 cm
336 _2rdacontent
_atext
337 _2rdamedia
_aunmediated
338 _2rdacarrier
_avolume
650 1 0 _aPolitical leadership
942 _ddc
_cB
999 _c102652
_d102652